La France depuis 1945 (Registro nro. 31633)
[ vista simple ]
| 000 -ENCABEZADO | |
|---|---|
| Número de control [NR] | 00816nam a2200253Ia 4500 |
| 008 - DE LONGITUD FIJA DE DATOS DE ELEMENTOS - INFORMACIÓN GENERAL | |
| Elementos de longitud fija [NR] | 130821s1979 fr gr fre |
| 020 ## - NUMERO INTERNACIONAL NORMALIZADO PARA LIBROS [R] | |
| Número Internacional Normalizado del libro [NR] | 2218063832 |
| 040 ## - FUENTE DE CATALOGACION [NR] | |
| Agencia de catalogación original [NR] | Co-BoUCM |
| Idioma de catalogación [NR] | spa |
| 041 00 - CODIGO DE IDIOMA [R] | |
| Código de idioma para texto/pista de sonido o título separado [R] | Francés |
| 100 1# - ASIENTO PRINCIPAL--NOMBRE PERSONAL [NR] | |
| Nombre personal [NR] | Ferrandon, Marie-Christine |
| ID Autoridad | 122611 |
| 245 13 - MENCION DE TITULO [NR] | |
| Título [NR] | La France depuis 1945 |
| Mención de responsabilidad, etc. [NR] | Marie-Christine Ferrandon y Isabelle Waquet |
| 250 ## - MENCION DE EDICION [NR] | |
| Mención de edición [NR] | 2a. ed |
| 260 ## - PUBLICACION, DISTRIBUCION, ETC. (PIE DE IMPRENTA) [R] | |
| Lugar de publicación, distribución, etc. [R] | París (Francia) |
| Nombre del editor, distribuidor, etc. [R] | Hatier |
| Fecha de publicación, distribución, etc. [R] | 1979 |
| 300 ## - DESCRIPCION FISICA [R] | |
| Extensión [R] | 79 páginas |
| 490 ## - MENCION DE SERIE [R] | |
| Mención de serie [R] | Profil dossier |
| 650 04 - ASIENTO SECUNDARIO DE MATERIA - TERMINO TEMATICO [R] | |
| Término temático o nombre geográfico como elemento de entrada [NR] | Folclor |
| 9 (RLIN) | 7632 |
| 650 04 - ASIENTO SECUNDARIO DE MATERIA - TERMINO TEMATICO [R] | |
| Término temático o nombre geográfico como elemento de entrada [NR] | Francés |
| Subdivisión general [R] | Enseñanza |
| 9 (RLIN) | 32508 |
| 651 #2 - ASIENTO SECUNDARIO DE MATERIA - NOMBRE GEOGRAFICO [R] | |
| Nombre geográfico [NR] | Francia |
| Subdivisión general [R] | Aspectos socioeconómicos |
| 9 (RLIN) | 26969 |
| 651 #2 - ASIENTO SECUNDARIO DE MATERIA - NOMBRE GEOGRAFICO [R] | |
| Nombre geográfico [NR] | Francia |
| Subdivisión general [R] | Historia |
| Subdivisión cronológica [R] | 1945 |
| 9 (RLIN) | 26969 |
| 651 #2 - ASIENTO SECUNDARIO DE MATERIA - NOMBRE GEOGRAFICO [R] | |
| Nombre geográfico [NR] | Francia |
| Subdivisión general [R] | Vida social y costumbres |
| 9 (RLIN) | 35878 |
| 700 1# - ASIENTO SECUNDARIO - NOMBRE PERSONAL [R] | |
| Nombre personal [NR] | Waquet, Isabelle |
| 9 (RLIN) | 158151 |
| 942 ## - ELEMENTOS DE ENTRADA AGREGADOS (KOHA) | |
| Tipo de ítem principal el descrito en 300a | Libro |
| Tema principal | Arte |
| Edición | 2 |
| Parte restante de la signatura top. | F37 |
| Sistema de clasificación | DEWEY |
| Clasificación | 392 |
| Fecha de último préstamo | Total préstamos | Signatura topográfica | Código de barras | Última vez visto | Volúmen / Fascículo | Ejemplar | Price effective from | Tipo de ítem | Perdido | Sistema de clasificación | Dañado | No prestable | Tipo de ítem específico | Suprimido | Ubicación habitual | Ubicación actual | Localización | Fecha de creación | Forma de adquisición | Costo |
|---|---|---|---|---|---|---|---|---|---|---|---|---|---|---|---|---|---|---|---|---|
| 21/07/2010 | 1 | 392 F37 | 100027113 | 05/12/2025 | 2A. ED. | Ej.1 | 03/02/2013 | Libro | DEWEY | Libro | Claustro | Claustro | 2do piso | 28/02/2003 | Donación | 2000.00 |